Guess the Movie by Popular Reviews On Letterboxd - Statistics

General Stats
  • This quiz has been taken 1,754 times
  • The average score is 6 of 25
Answer Stats
Review Movie % Correct
I just love how fucking disgusting Bruce looks in this. Nasty ass stringy ass translucently pale goth boy in his dank disgusting batcave hunched over his computer with bloodshot eyes and black eye paint scrolling through footage of the previous night and journaling his fucked up thoughts. When he finally emerges from the cave to talk to Alfred and gets disturbed by the natural sunlight and has to put on sunglasses I wanted to get up and cheer. Yeah that’s right put on those sunglasses you little freak. Also he’s definitely a virgin based on how he composes himself around Catwoman. Fucking fantastic movie The Batman
69%
the director yelled “cut!” but mia goth heard “cunt!” and just went with it Pearl
64%
first watch: _____ ____ is the best movie ever made second watch: _____ ____ is a deep commentary on the dangers of consumerism third watch: _____ ____ is a disgusting cesspool of toxic masculinity and it’s not as deep as its fanboys think it is fourth watch: _____ ____ is a critique of toxic masculinity and it’s deeper than its fanboys think it is fifth watch: _____ ____ is the best satirical gay romcom ever made Fight Club
52%
laurie: we look like a couple jo: a couple of besties <3 Little Women
50%
how you gonna birth the chosen one with unlimited undiscovered power destined to unite civilisations in the far reaches of the universe and call him “paul” Dune
46%
got the 4D experience by forgetting to drink water today and watching this extremely dehydrated Dune
46%
Never in a million years would I have predicted that Andrew Garfield's Peter Parker would be the best character in this movie Spider-Man: No Way Home
44%
calling it _____ _____ is such a coward's way to avoid calling it chives out Glass Onion
33%
jared leto is like king midas except everything he touches turns to shit Morbius
25%
james cameron had 13 years to change the font for the subtitles and still went with fucking papyrus Avatar: The Way of Water
24%
hello my name is christopher nolan, welcome to masterclass
today I will be discussing how I add emotional depth to my characters
first I add woman
then i add child
and we're done!
thank you for watching
Tenet
23%
oscar-worthy performance by leo pretending to like women his own age Don’t Look Up
21%
Imagine being left out of your family's suicide lmao Midsommar
20%
never thought i would leave a film being surprised that cannibalism wasn't involved The Menu
19%
I kept waiting for something drastic. I thought the film was building towards something explosive. I thought the father might walk out and never come back. I thought he might die and that's why the need to recollect, the need to see in between the lines, to see what wasn't explicitly expressed. I thought we'd get an answer, but we don't. We know he's gone, but why or how is never explained. The two go back home from the vacation and there's a nice intercut shot of the daughter in the present pointing a camera at the film's camera and the father in the past doing the same until he puts his camera in a bag and walks out of the door. For a second I thought "that's where it ends?" because I felt like it wasn't enough, but it was.more..... Aftersun
15%
This happened to my buddy Eric Joker
15%
There is a house on a hill, and there are people in it. And they're nice, but not really. There is a garden, and there they get a lot of sunlight. And it is nice, and they get to sleep there sometimes.
There is a house underground, and there are people in it. And they're the first to tell you that they're not very nice: they're con-men, grifters, forgers and imposters. They sit among stink bugs, and they've been there for so long that maybe they've convinced themselves that they just belong there.
There is a rock, and it is a gift, but it is also a burden. And maybe it's a metaphor, but it's also just a rock: solid and heavy, difficult to lug around, and dangerous in the wrong hands. Some people will tell you that it's supposed to bring wealth. But again, it's also just a rock.
There is a line, and it cannot be crossed. more.....
Parasite
15%
this movie does for cloud spotting what jaws did for swimming Nope
14%
you can’t spell _________ without airbnb Barbarian
13%
I will NOT leave my donkey outside when I’m sad The Banshees of Inisherin
11%
this is one of the best things i’ve ever seen in my piece of shit life. Everything Everywhere All at Once
7%
Movie about the dangers of letting men have and listen to podcasts Don’t Worry Darling
5%
____ __ _____: Into the Pussy-Verse Puss in Boots: The Last Wish
4%
Great first draft! Excited to see when it’s finished Thor: Love and Thunder
3%
It took me 31 films but I finally started to empathize with Scorsese. Ant-Man and the Wasp: Quantumania
2%
No matching quizzes found
Score Distribution
Percent of People with Each Score
Percentile by Number Answered
Your Score History
You have not taken this quiz